|
|
|
|
| LEADER |
01651nam a22003257a 4500 |
| 001 |
5002 |
| 003 |
BD-DhAAL |
| 005 |
20241101154957.0 |
| 008 |
141231r19931977bg ||||| |||| 00| 0 ben d |
| 020 |
|
|
|a 9840727699
|
| 020 |
|
|
|a 9840733826
|
| 040 |
|
|
|a BD-DhAAL
|c BD-DhAAL
|
| 041 |
|
|
|a ben
|
| 082 |
|
|
|a 891.44
|2 22
|
| 100 |
|
|
|a নজরুল ইসলাম,
|c কাজী,
|d ১৮৯৯-১৯৭৬.
|9 53229
|
| 245 |
|
|
|a নজরুল-রচনাবলী.
|n চতুর্থ খন্ড /
|c কাজী নজরুল ইসলাম, আবদুল কাদির সম্পাদিত.
|
| 246 |
|
|
|a Nazrul rachanavali (works of Qazi Nazrul Islam).
|
| 260 |
|
|
|a ঢাকা :
|b বাংলা একাডেমী,
|c ১৯৯৩ [প্রথম পুনর্মুদ্রণ ১৯৯৬].
|
| 300 |
|
|
|a ৪৫৯ পৃষ্ঠা :
|a [পনেরো], ৪৬২ পৃষ্ঠা ;
|c ২২ সে.মি.
|
| 362 |
|
|
|a Vol. 4
|
| 541 |
|
|
|a Donated By Akbar Ali Khan
|d 5002, 38871
|
| 600 |
|
|
|a Nazrul Islam,
|c Kazi,
|d 1899-1976.
|9 6497
|
| 650 |
|
|
|a Bengali essays.
|9 50553
|
| 650 |
|
|
|a Bengali literature.
|9 50554
|
| 700 |
|
|
|a কাদির, আবদুল.
|9 50550
|
| 852 |
|
|
|a Ayesha Abed Library
|c General Stacks
|
| 942 |
|
|
|2 ddc
|c BK
|
| 999 |
|
|
|c 33375
|d 33375
|
| 952 |
|
|
|0 0
|1 0
|2 ddc
|4 0
|6 891_440000000000000_NAZ
|7 0
|9 44599
|a BRACUL
|b BRACUL
|c GEN
|d 2014-12-31
|g 125.00
|l 1
|m 17
|o 891.44 NAZ
|p 3010005002
|r 2015-09-06
|s 2015-05-10
|t 1
|w 2014-12-31
|y BK
|
| 952 |
|
|
|0 0
|1 0
|2 ddc
|4 0
|6 891_440000000000000_NAZ
|7 1
|9 71452
|a BRACUL
|b BRACUL
|c AWC
|d 2022-08-03
|e Donated by Akbar Ali Khan
|l 0
|o 891.44 NAZ
|p 3010038871
|r 2022-08-03
|t 2
|w 2022-08-03
|y BK
|